Majolica pottery (Record no. 275)

MARC details
000 -CABECERA
campo de control de longitud fija 00652nam a2200205 a 4500
001 - NÚMERO DE CONTROL
campo de control BRCA_338
005 - FECHA Y HORA DE LA ÚLTIMA TRANSACCIÓN
campo de control 20190320202951.0
008 - DATOS DE LONGITUD FIJA--INFORMACIÓN GENERAL
campo de control de longitud fija 861204s1986 kyua cb 000 0 eng
020 ## - NÚMERO INTERNACIONAL ESTÁNDAR DEL LIBRO
Número Internacional Estándar del Libro 0891453121 (pbk.)
040 ## - FUENTE DE LA CATALOGACIÓN
Centro catalogador/agencia de origen DLC
Centro/agencia transcriptor DLC
Centro/agencia modificador DLC
050 #4 - SIGNATURA TOPOGRÁFICA DE LA BIBLIOTECA DEL CONGRESO
Número de clasificación NK4315
Número de documento/Ítem .K38 1986
100 1# - ENTRADA PRINCIPAL--NOMBRE DE PERSONA
Nombre de persona Katz-Marks, Mariann
9 (RLIN) 1123
245 10 - MENCIÓN DE TÍTULO
Título Majolica pottery
Resto del título An identification and value guide
Mención de responsabilidad, etc. Mariann Katz-Marks
Número de parte o sección de la obra Second series
260 ## - PUBLICACIÓN, DISTRIBUCIÓN, ETC.
Lugar de publicación, distribución, etc. Paducah, Kentucky.
Nombre del editor, distribuidor, etc. Collector Books
Fecha de publicación, distribución, etc. 1986
300 ## - DESCRIPCIÓN FÍSICA
Extensión 126, [2] p.
Otras características físicas il. a color
Dimensiones 22 cm.
500 ## - NOTA GENERAL
Nota general Donación Consejo Británico
650 14 - PUNTO DE ACCESO ADICIONAL DE MATERIA--TÉRMINO DE MATERIA
Término de materia o nombre geográfico como elemento de entrada Mayólica
Subdivisión general Coleccionistas y colecciones
9 (RLIN) 1124
902 ## - CATALOGADOR
Iniciales DCB
942 ## - ELEMENTOS DE PUNTO DE ACCESO ADICIONAL (KOHA)
Fuente del sistema de clasificación o colocación Library of Congress Classification
Tipo de ítem Koha Libros
Holdings
Estado de retiro Estado de pérdida Estado dañado No para préstamo Localización permanente Ubicación/localización actual Fecha de adquisición Total de préstamos Signatura topográfica completa Código de barras Fecha visto por última vez Precio válido a partir de Tipo de ítem Koha
El ejemplar forma parte de la colección y puede ser consultado según las políticas vigentes.       Biblioteca del Museo Franz Mayer (Rogerio Casas-Alatriste) Biblioteca del Museo Franz Mayer (Rogerio Casas-Alatriste) 25/06/2008   NK4315 .K38 1986 DCB00024 22/03/2019 22/03/2019 Libros